La heurística de representatividad en un caso de decisión de inversión (Registro nro. 17839)
[ vista simple ]
| 000 -LEADER | |
|---|---|
| fixed length control field | 00483 a2200145 4500 |
| 001 - CONTROL NUMBER | |
| control field | ART_46025 |
| 005 - DATE AND TIME OF LATEST TRANSACTION | |
| control field | 20260410161731.0 |
| 008 - FIXED-LENGTH DATA ELEMENTS--GENERAL INFORMATION | |
| fixed length control field | 260409a |
| 100 1# - MAIN ENTRY--PERSONAL NAME | |
| Personal name | Manzanal, Melisa |
| 245 10 - TITLE STATEMENT | |
| Title | La heurística de representatividad en un caso de decisión de inversión |
| 700 1# - ADDED ENTRY--PERSONAL NAME | |
| Personal name | El Alabi, Emilio |
| 700 1# - ADDED ENTRY--PERSONAL NAME | |
| Personal name | Milanesi, Gastón S. |
| 700 1# - ADDED ENTRY--PERSONAL NAME | |
| Personal name | Vigier, Hernán |
| 773 0# - HOST ITEM ENTRY | |
| Title | Escritos contables y de administración |
| Related parts | - Vol. 4, Nº 2 (jul./dic. 2013) |
| Record control number | REV2758 |
No hay ítems disponibles.